000 01567nam a22004217a 4500
001 000096716
003 CHAP
005 20220329143209.0
008 070112d2006 mx r 00110 spa d
010 _a93182
011 _a94154
035 _a104738
040 _cCHAP
090 _aTesis
100 0 0 _aMoreno Cano, Jonathan Jorge.
_978575
245 1 0 _aComparación de costos y eficiencia energética en producción de leche en sistemas ecológicos y convencionales /
_c/por Jonathan Jorge Moreno Cano.
260 _aChapingo, Méx. :
_bEl autor,
_c2006.
300 _a121 h. :
_bgráfs.
502 _aTesis (M. C. en Economía del Desarrollo Rural) - - UACH. División de Ciencias Económico Administrativas
590 _aALEPH
_b10
_c20130110
_lUCH01
_h1516
590 _aBATCH-UPD
_b10
_c20130110
_lUCH01
_h1959
590 _aBATCH-UPD
_b10
_c20130410
_lUCH01
_h1320
590 _aBATCH-UPD
_b10
_c20130914
_lUCH01
_h1717
590 _aBATCH-UPD
_b10
_c20140324
_lUCH01
_h1500
590 _aBATCH-UPD
_b10
_c20141002
_lUCH01
_h0832
590 _aCONVERSION
_b10
_c20130109
_lUCH01
_h1352
590 _aE792CSJ
_b10
_c20130530
_lUCH01
_h1225
650 1 4 _aLeche orgánica.
_965440
650 1 4 _aLeche
_xCostos de producción.
_965371
650 1 4 _aLeche
_xProducción.
_965400
856 _3Finding aid
_uhttp://10.13.5.2/tesis/104738.pdf
_zTeclea aquí
901 _aBK
905 _aLilia
942 _cCD
942 _n0
949 _aTesis
_bBC
_cTES
_d33724002010512
_eTS2
_fc.2
_h46159
_i104738
_si
949 _aTesis
_bBC
_cTES
_d33724002010553
_eTS1
_h46158
_i104738
_sb
999 _c93182
_d93182